[Event "COL-ch U16"]
[Site "Medellin"]
[Date "2025.04.25"]
[Round "2"]
[White "Pinedo Fernandez, David Rebey"]
[Black "Borre Meza, Orlando David"]
[Result "0-1"]
[WhiteElo "1808"]
[BlackElo "2018"]
[PlyCount "70"]
[EventDate "2025.04.24"]
[EventType "swiss"]
[EventRounds "7"]
[EventCountry "COL"]
[SourceTitle "CB18_2025"]
[SourceDate "2025.04.30"]
[SourceVersion "1"]
[SourceVersionDate "2025.04.30"]
[SourceQuality "1"]

1. e4 c5 2. Nf3 Nc6 3. d4 cxd4 4. Nxd4 e5 5. Nb3 Nf6 6. Nc3 Bb4 7. Bd3 d5 8. exd5 Nxd5 9. Bd2 Bxc3 10. bxc3 0-0 11. 0-0 Qe7 12. Re1 Be6 13. Qh5 f5 14. c4 Nf6 15. Qh4 e4 16. Bf1 a5 17. Be3 Qf7 18. Nc5 Bxc4 19. Bxc4 Qxc4 20. Nxb7 Nb4 21. Nd6 Qe6 22. Nb5 Rac8 23. Nd4 Qe5 24. Rec1 Nfd5 25. a3 f4 26. axb4 fxe3 27. fxe3 Nxe3 28. Ne2 Rxc2 29. Qe1 axb4 30. Rab1 Qc5 31. Kh1 Rf1+ 32. Qxf1 Nxf1 33. Rxf1 Rxe2 34. Rbc1 Rc2 35. Ra1 h6 0-1

[Event "Medellin Sub zt 2.3.2"]
[Site "Medellin"]
[Date "2025.04.17"]
[Round "6"]
[White "Pinedo Fernandez, David Rebey"]
[Black "Lucio Pinzon, Santiago"]
[Result "0-1"]
[WhiteElo "1808"]
[BlackElo "1630"]
[PlyCount "106"]
[EventDate "2025.04.14"]
[EventType "swiss"]
[EventRounds "9"]
[EventCountry "COL"]
[SourceTitle "CB18_2025"]
[SourceDate "2025.04.30"]
[SourceVersion "1"]
[SourceVersionDate "2025.04.30"]
[SourceQuality "1"]

1. e4 e5 2. Nf3 Nc6 3. d4 exd4 4. Bc4 Nf6 5. e5 d5 6. Bb5 Ne4 7. Nxd4 Bd7 8. Nxc6 bxc6 9. Bd3 Nc5 10. 0-0 Nxd3 11. cxd3 Be7 12. f4 g6 13. Nc3 0-0 14. d4 Be6 15. Be3 Rb8 16. b3 Bc8 17. Rc1 Ba3 18. Rc2 Bf5 19. Rcf2 Qc8 20. h3 h5 21. Ne2 Be7 22. Ng3 Bh4 23. Rf3 Be4 24. Nxe4 dxe4 25. R3f2 Bxf2+ 26. Rxf2 Qe6 27. g4 hxg4 28. hxg4 f5 29. Rg2 Rf7 30. Bf2 Kf8 31. gxf5 gxf5 32. Qh5 Rg7 33. Bh4 Rxg2+ 34. Kxg2 Qf7 35. Qd1 Qg6+ 36. Bg5 Kf7 37. d5 cxd5 38. Qd4 Qc6 39. Kg3 a5 40. Bf6 Rb4 41. Qd1 Ke6 42. Qh5 d4 43. Qh7 Kd5 44. Qf7+ Kc5 45. Be7+ Kb5 46. Bxb4 Kxb4 47. e6 d3 48. Qd7 Qc3 49. Qe7+ c5 50. Qb7+ Ka3 51. e7 d2+ 52. Kh4 d1Q 53. e8B Qg4# 0-1

[Event "Medellin Sub zt 2.3.2"]
[Site "Medellin"]
[Date "2025.04.16"]
[Round "5"]
[White "Hurtado Sarmiento, Juan Sebastian"]
[Black "Pinedo Fernandez, David Rebey"]
[Result "1-0"]
[WhiteElo "1981"]
[BlackElo "1808"]
[PlyCount "113"]
[EventDate "2025.04.14"]
[EventType "swiss"]
[EventRounds "9"]
[EventCountry "COL"]
[SourceTitle "CB18_2025"]
[SourceDate "2025.04.30"]
[SourceVersion "1"]
[SourceVersionDate "2025.04.30"]
[SourceQuality "1"]

1. e4 c6 2. Nc3 d5 3. Nf3 dxe4 4. Nxe4 Nf6 5. Qe2 Nxe4 6. Qxe4 Qa5 7. c3 Bf5 8. Qf4 e6 9. d4 Qd8 10. Qg3 Bg6 11. Ne5 Nd7 12. Nc4 Nf6 13. Be2 Be7 14. h4 Ne4 15. Qf4 Bd6 16. Nxd6+ Nxd6 17. h5 Bc2 18. b3 h6 19. Rh3 Ne4 20. Ba3 Qa5 21. Bb4 Qg5 22. Qc7 c5 23. Bxc5 Nxc5 24. Bb5+ Kf8 25. Qxc5+ Qxc5 26. dxc5 a6 27. Bd3 Bxd3 28. Rxd3 Ke7 29. Rad1 Rhd8 30. Rxd8 Rxd8 31. Rxd8 Kxd8 32. Ke2 g6 33. b4 Kd7 34. g4 gxh5 35. gxh5 e5 36. Kd3 f5 37. Kc4 Ke6 38. a4 f4 39. f3 Kf6 40. Kd5 Kf5 41. b5 e4 42. fxe4+ Kg5 43. c6 f3 44. cxb7 f2 45. b8Q f1Q 46. Qe5+ Kh4 47. Qh2+ Kg4 48. Qe5 Qd3+ 49. Qd4 Qf3 50. bxa6 Qf7+ 51. Kc6 Qe6+ 52. Kb5 Qe8+ 53. Kb6 Qb8+ 54. Ka5 Qc7+ 55. Kb4 Qe7+ 56. Qc5 Qd7 57. Qf5+ 1-0

[Event "Medellin Sub zt 2.3.2"]
[Site "Medellin"]
[Date "2025.04.14"]
[Round "1"]
[White "Caballero Marrugo, David Jose"]
[Black "Pinedo Fernandez, David Rebey"]
[Result "1/2-1/2"]
[WhiteElo "2119"]
[BlackElo "1808"]
[PlyCount "71"]
[EventDate "2025.04.14"]
[EventType "swiss"]
[EventRounds "9"]
[EventCountry "COL"]
[SourceTitle "CB18_2025"]
[SourceDate "2025.04.30"]
[SourceVersion "1"]
[SourceVersionDate "2025.04.30"]
[SourceQuality "1"]

1. d4 Nf6 2. c4 e6 3. Nf3 Bb4+ 4. Bd2 Be7 5. g3 d5 6. Bg2 0-0 7. 0-0 c5 8. cxd5 Nxd5 9. dxc5 Bxc5 10. Qc2 Bb6 11. Ng5 g6 12. e4 Nc7 13. Na3 Nc6 14. Nf3 e5 15. Nc4 Bd4 16. Bc3 Bxc3 17. Qxc3 Nb5 18. Qe3 f6 19. Ncxe5 fxe5 20. Qb3+ Kh8 21. Qxb5 Qe7 22. Kh1 Bg4 23. Ng1 Nd4 24. Qa4 Bd7 25. Qa5 Bb5 26. Rfc1 Rxf2 27. Rc7 Qd6 28. Rxb7 Bc6 29. Qc7 Qxc7 30. Rxc7 Raf8 31. h4 Rxb2 32. Nh3 Bb7 33. Rac1 Ne2 34. R1c2 Rxc2 35. Rxc2 Nxg3+ 36. Kg1 1/2-1/2

[Event "Cienaga op"]
[Site "Cienaga"]
[Date "2024.12.19"]
[Round "8"]
[White "Pinedo Fernandez, David Rebey"]
[Black "De Luque, Miguel Antonio"]
[Result "1-0"]
[WhiteElo "1725"]
[BlackElo "1914"]
[PlyCount "109"]
[EventDate "2024.12.15"]
[EventType "swiss"]
[EventRounds "9"]
[EventCountry "COL"]
[SourceTitle "CB52_2024"]
[SourceDate "2024.12.25"]
[SourceVersion "1"]
[SourceVersionDate "2024.12.25"]
[SourceQuality "1"]

1. e4 e5 2. Nf3 Nc6 3. d4 exd4 4. Bc4 Bb4+ 5. c3 dxc3 6. bxc3 Ba5 7. 0-0 h6 8. Qd5 Qf6 9. e5 Qg6 10. Ba3 Bb6 11. Bd3 Nge7 12. Qc4 Qe6 13. Qe4 Qd5 14. Qe2 0-0 15. Rd1 Qe6 16. Qe4 g6 17. Nd4 Nxd4 18. cxd4 Re8 19. Nc3 c6 20. Qh4 g5 21. Qe4 Qg6 22. Qf3 Qg7 23. Ne4 Nd5 24. Bc4 Bd8 25. Bxd5 cxd5 26. Nd6 Re6 27. Rac1 Rxd6 28. Bxd6 Qg6 29. Qxd5 Qe6 30. Qxe6 dxe6 31. Rf1 Bd7 32. f4 Bb6 33. Bc5 Ba5 34. fxg5 hxg5 35. Be7 Bb6 36. Bc5 Bd8 37. Kf2 Bc6 38. Ke3 Kg7 39. g3 Ba5 40. Be7 Rg8 41. Bxg5 Kf8 42. Bf6 Bb6 43. Rcd1 Rg4 44. Rf4 Rg8 45. Rh4 Ke8 46. Rh8 Rxh8 47. Bxh8 Bd5 48. Rd2 Kd7 49. h4 Ba5 50. Rf2 Ke8 51. Bg7 Be1 52. Rh2 Bxg3 53. Rh3 Be1 54. h5 Be4 55. Kxe4 1-0

[Event "Cienaga op"]
[Site "Cienaga"]
[Date "2024.12.17"]
[Round "5"]
[White "Ruiz Jaraba, Valentina Sofia"]
[Black "Pinedo Fernandez, David Rebey"]
[Result "0-1"]
[WhiteElo "1945"]
[BlackElo "1725"]
[PlyCount "92"]
[EventDate "2024.12.15"]
[EventType "swiss"]
[EventRounds "9"]
[EventCountry "COL"]
[SourceTitle "CB52_2024"]
[SourceDate "2024.12.25"]
[SourceVersion "1"]
[SourceVersionDate "2024.12.25"]
[SourceQuality "1"]

1. e4 e6 2. d4 d5 3. exd5 exd5 4. Nf3 Bd6 5. c4 dxc4 6. Bxc4 Nf6 7. 0-0 0-0 8. Nc3 h6 9. Qc2 Nc6 10. Be3 Bg4 11. Be2 Qd7 12. Rad1 Rfe8 13. a3 a6 14. d5 Ne5 15. Nd4 Bxe2 16. Qxe2 Qg4 17. h3 Qg6 18. Nf3 Qh5 19. Nxe5 Qxe5 20. g3 h5 21. Qf3 h4 22. Bd4 Qh5 23. g4 Qg6 24. Bxf6 Qxf6 25. Qxf6 gxf6 26. f4 Re3 27. Rde1 Rae8 28. Rxe3 Rxe3 29. Kg2 Bc5 30. Rd1 Kg7 31. Rd2 Rg3+ 32. Kh1 Rxh3+ 33. Rh2 Rf3 34. Ne4 Bd4 35. Rd2 Be3 36. Rd3 h3 37. d6 cxd6 38. Nxd6 Rf1+ 39. Kh2 Bxf4+ 40. Kxh3 Rf2 41. Nf5+ Kh7 42. Ng3 Bxg3 43. Kxg3 Rxb2 44. Kf4 Kg6 45. Rd5 Rb5 46. Rd7 Rb3 0-1

[Event "Cienaga op"]
[Site "Cienaga"]
[Date "2024.12.16"]
[Round "3"]
[White "Campo Jimenez, David"]
[Black "Pinedo Fernandez, David Rebey"]
[Result "0-1"]
[WhiteElo "1927"]
[BlackElo "1725"]
[PlyCount "118"]
[EventDate "2024.12.15"]
[EventType "swiss"]
[EventRounds "9"]
[EventCountry "COL"]
[SourceTitle "CB52_2024"]
[SourceDate "2024.12.25"]
[SourceVersion "1"]
[SourceVersionDate "2024.12.25"]
[SourceQuality "1"]

1. e4 e6 2. d4 d5 3. Nd2 dxe4 4. Nxe4 Nf6 5. Nxf6+ Qxf6 6. Nf3 h6 7. c3 Bd6 8. Bd3 Nd7 9. Qe2 Qe7 10. 0-0 0-0 11. Re1 Nf6 12. Bd2 c5 13. Ne5 b6 14. Qf3 Bb7 15. Qh3 Nh7 16. Bc2 cxd4 17. Qd3 Nf6 18. Ng4 Ne4 19. f3 f5 20. fxe4 dxc3 21. Bxc3 Bc5+ 22. Ne3 Bxe4 23. Qe2 Bxe3+ 24. Qxe3 Bxc2 25. Qd2 Be4 26. Bb4 Rfd8 27. Qc3 Qg5 28. Qh3 Rd3 29. g3 Rad8 30. Rxe4 fxe4 31. Qxe6+ Kh7 32. Qxe4+ Qg6 33. Qxg6+ Kxg6 34. Re1 Rd1 35. Kf2 Rxe1 36. Kxe1 Kf5 37. Bc3 Rd7 38. Kf2 Ke4 39. Ke2 Rf7 40. a3 g6 41. Bd2 h5 42. Be3 Re7 43. Bg5 Re6 44. Be3 Kd5 45. Kd3 Rf6 46. Bf4 Rf5 47. Bb8 Rf3+ 48. Ke2 Rb3 49. Bxa7 Rxb2+ 50. Kf3 g5 51. g4 Rb3+ 52. Kg2 hxg4 53. a4 Kc6 54. Bb8 Ra3 55. Be5 Rxa4 56. Bf6 Re4 57. Bxg5 b5 58. Kg3 b4 59. Bf4 b3 0-1

[Event "Cienaga op"]
[Site "Cienaga"]
[Date "2024.12.15"]
[Round "1"]
[White "Romero Barreto, Jaime Jose"]
[Black "Pinedo Fernandez, David Rebey"]
[Result "1-0"]
[WhiteElo "2306"]
[BlackElo "1725"]
[PlyCount "55"]
[EventDate "2024.12.15"]
[EventType "swiss"]
[EventRounds "9"]
[EventCountry "COL"]
[SourceTitle "CB52_2024"]
[SourceDate "2024.12.25"]
[SourceVersion "1"]
[SourceVersionDate "2024.12.25"]
[SourceQuality "1"]

1. e4 e5 2. Nf3 Nc6 3. Bc4 Nf6 4. d3 Bc5 5. c3 d6 6. 0-0 0-0 7. a4 a6 8. h3 h6 9. Re1 Re8 10. Nbd2 d5 11. exd5 Nxd5 12. d4 Ba7 13. dxe5 Be6 14. Ne4 Re7 15. Bxh6 Rd7 16. Bg5 Qe8 17. Qc1 Nce7 18. Bxd5 Bxd5 19. Nf6+ gxf6 20. exf6 Bxf3 21. gxf3 Qc8 22. fxe7 Qe8 23. Bf6 Kh7 24. Re4 Rd5 25. Rh4+ Kg6 26. Qh6+ Kf5 27. Rh5+ Ke6 28. Bh4+ 1-0

[Event "American Continental 18th"]
[Site "Medellin"]
[Date "2024.05.25"]
[Round "3"]
[White "Hernandez Bermudez, Manuela"]
[Black "Pinedo Fernandez, David Rebey"]
[Result "1-0"]
[WhiteElo "1895"]
[BlackElo "1559"]
[PlyCount "97"]
[EventDate "2024.05.24"]
[EventType "swiss"]
[EventRounds "11"]
[EventCountry "COL"]
[SourceTitle "CBM 220 Extra"]
[Source "ChessBase"]
[SourceDate "2024.07.31"]
[SourceVersion "1"]
[SourceVersionDate "2024.07.31"]
[SourceQuality "1"]

1. e4 e5 2. Nf3 Nc6 3. Bb5 Nf6 4. 0-0 Nxe4 5. Re1 Nd6 6. Nxe5 Be7 7. Bf1 0-0 8. d4 Nf5 9. c3 d5 10. Nd2 Nxe5 11. dxe5 Bc5 12. Nf3 h6 13. Bf4 Be6 14. Bd3 c6 15. Bc2 Qb6 16. Re2 Rfd8 17. Qd3 Qb5 18. Qd1 d4 19. Rd2 Bb6 20. Nxd4 Nxd4 21. cxd4 Qb4 22. Be3 Rd7 23. Qf3 Bxd4 24. Qe4 Bxe3 25. Qxb4 Bxd2 26. Qe4 g6 27. Rd1 Rad8 28. Qe2 Ba5 29. Rxd7 Rxd7 30. Bd3 Bc7 31. h4 Rd5 32. f4 Rd4 33. g3 c5 34. h5 c4 35. Bb1 Bb6 36. Kh2 Ba5 37. Qf3 Rd2+ 38. Kh1 Rxb2 39. Be4 gxh5 40. f5 Bd7 41. Qxh5 Bd2 42. e6 fxe6 43. Qg6+ Kf8 44. fxe6 Be8 45. Qf6+ Kg8 46. Qxb2 c3 47. Qxb7 Be3 48. Qh7+ Kf8 49. e7# 1-0

[Event "COL-ch U14"]
[Site "Barranquilla"]
[Date "2024.04.14"]
[Round "6"]
[White "Pinedo Fernandez, David Rebey"]
[Black "Narvaez Hurtado, Miguel Angel"]
[Result "1-0"]
[WhiteElo "1548"]
[BlackElo "1542"]
[PlyCount "35"]
[EventDate "2024.04.11"]
[EventType "swiss"]
[EventRounds "7"]
[EventCountry "COL"]
[SourceTitle "CBM 219 Extra"]
[Source "ChessBase"]
[SourceDate "2024.05.31"]
[SourceVersion "1"]
[SourceVersionDate "2024.05.31"]
[SourceQuality "1"]

1. e4 c5 2. Nf3 Nc6 3. Bc4 e6 4. 0-0 Nf6 5. e5 Nd5 6. d4 cxd4 7. Nxd4 Bc5 8. Nxc6 dxc6 9. Nc3 0-0 10. Bd3 Nxc3 11. bxc3 b6 12. a4 Bb7 13. Be3 Bxe3 14. fxe3 Re8 15. Rf3 c5 16. Rh3 g6 17. Qg4 h5 18. Rxh5 1-0

[Event "Barranquilla Carnaval Cup"]
[Site "Barranquilla"]
[Date "2024.02.06"]
[Round "7"]
[White "Pinedo Fernandez, David Rebey"]
[Black "Gallardo, Osvaldo"]
[Result "0-1"]
[WhiteElo "1257"]
[BlackElo "1711"]
[PlyCount "54"]
[EventDate "2024.02.03"]
[EventType "swiss"]
[EventRounds "9"]
[EventCountry "COL"]
[SourceTitle "CBM 218 Extra"]
[Source "ChessBase"]
[SourceDate "2024.03.31"]
[SourceVersion "1"]
[SourceVersionDate "2024.03.31"]
[SourceQuality "1"]

1. e4 e6 2. d4 d5 3. exd5 exd5 4. c4 Nf6 5. Nf3 Be7 6. Bd3 dxc4 7. Bxc4 0-0 8. 0-0 Bg4 9. Be3 Nbd7 10. Nbd2 Nb6 11. h3 Nxc4 12. Nxc4 Bh5 13. Nce5 Nd5 14. Qb3 Rb8 15. Rac1 c6 16. a3 f6 17. Ng4 Bf7 18. Qd3 Bd6 19. Nh4 f5 20. Nxf5 Bg6 21. Nfh6+ gxh6 22. Nxh6+ Kg7 23. Qd2 Nxe3 24. fxe3 Kxh6 25. e4+ Kg7 26. e5 Rxf1+ 27. Rxf1 Bxe5 0-1